Statistics for All County Seats in Massachusetts

Click here to take the quiz!

General Stats

  • This quiz has been taken 22 times
  • The average score is 13 of 17

Answer Stats

CountyCounty Seat% Correct
SuffolkBoston
100%
HampdenSpringfield
93%
WorcesterWorcester
93%
NantucketNantucket
87%
BerkshirePittsfield
87%
BarnstableBarnstable
80%
FranklinGreenfield
80%
MiddlesexLowell
80%
EssexSalem
80%
PlymouthBrockton
73%
HampshireNorthampton
73%
PlymouthPlymouth
73%
MiddlesexCambridge
60%
NorfolkDedham
53%
EssexLawrence
53%
DukesEdgartown
47%
BristolTaunton
47%

Score Distribution

Percentile by Number Answered

Percent of People with Each Score

Your Score History

You have not taken this quiz